000 00361nam a22001457a 4500
003 OSt
005 20211229105912.0
008 211229b |||||||| |||| 00| 0 eng d
020 _a1572318058
040 _cHU
082 _a005.447
100 _aMicrosoft
_925751
245 _aMicrosoft Internet Information Services 5.0 Resource Guide
942 _2ddc
_cBOOKS
_n0
999 _c24907
_d24907